[Event "Nis op"]
[Site "Nis"]
[Date "2019.07.01"]
[Round "6"]
[White "Perunovic, Ljubivoje"]
[Black "Arya, Nirag Shah"]
[Result "0-1"]
[WhiteElo "1791"]
[BlackElo "1865"]
[PlyCount "64"]
[EventDate "2019.06.25"]
[EventType "swiss"]
[EventRounds "9"]
[EventCountry "SRB"]
[SourceTitle "EXT 2020"]
[Source "ChessBase"]
[SourceDate "2019.10.17"]
[SourceVersion "1"]
[SourceVersionDate "2019.10.17"]
[SourceQuality "1"]

1. d4 c5 2. Nf3 Nc6 3. c3 Nf6 4. Bg5 e6 5. e4 Be7 6. e5 Nd5 7. Bxe7 Qxe7 8. c4 Nb6 9. dxc5 Qxc5 10. Qd6 Qxd6 11. exd6 Na4 12. Na3 Nxb2 13. Nb5 0-0 14. c5 Na4 15. Rc1 b6 16. Nc7 Rb8 17. cxb6 Nxb6 18. Bb5 Nd5 19. Bxc6 dxc6 20. Ne5 Nxc7 21. dxc7 Rb7 22. Nxc6 Rxc7 23. Kd2 Bb7 24. Ne5 Rd8+ 25. Ke3 Rdc8 26. Rxc7 Rxc7 27. Rd1 Bd5 28. Rd2 f6 29. Nd3 Bxg2 30. f3 Bf1 31. Rd1 Bxd3 32. Rxd3 Kf7 0-1

[Event "Nis op"]
[Site "Nis"]
[Date "2019.06.26"]
[Round "2"]
[White "Perunovic, Ljubivoje"]
[Black "Mitali, Madhukar Patil"]
[Result "1/2-1/2"]
[WhiteElo "1791"]
[BlackElo "2045"]
[PlyCount "88"]
[EventDate "2019.06.25"]
[EventType "swiss"]
[EventRounds "9"]
[EventCountry "SRB"]
[SourceTitle "EXT 2020"]
[Source "ChessBase"]
[SourceDate "2019.10.17"]
[SourceVersion "1"]
[SourceVersionDate "2019.10.17"]
[SourceQuality "1"]

1. d4 Nf6 2. c4 e6 3. Nf3 c5 4. Nc3 cxd4 5. Nxd4 Bb4 6. Qb3 Qb6 7. e3 Nc6 8. Bd3 Nxd4 9. exd4 Qxd4 10. Qxb4 Qxd3 11. Nb5 Kd8 12. Nd6 Qg6 13. 0-0 b6 14. Bf4 Ne4 15. Nxe4 Qxe4 16. Qd6 Qxc4 17. Rfc1 Qe4 18. Rc7 Qd5 19. Rd1 Qxd6 20. Bxd6 Ba6 21. a4 f5 22. b4 Be2 23. Rd2 Bh5 24. f3 a6 25. Be5 Be8 26. Rb7 Rg8 27. Rxb6 Ke7 28. Bd6+ Kf6 29. f4 g5 30. fxg5+ Rxg5 31. Bf4 Rg4 32. g3 Ke7 33. b5 axb5 34. axb5 d5 35. Kg2 Ra5 36. Rb7+ Kf6 37. b6 e5 38. Bxe5+ Kxe5 39. Re7+ Kd6 40. Rxe8 Rb4 41. Rb8 Rab5 42. Rf8 Rxb6 43. Rxf5 d4 44. Kf3 Rb7 1/2-1/2

[Event "Nis op"]
[Site "Nis"]
[Date "2019.06.25"]
[Round "1"]
[White "Terziev, Dimo"]
[Black "Perunovic, Ljubivoje"]
[Result "1-0"]
[WhiteElo "2166"]
[BlackElo "1791"]
[PlyCount "63"]
[EventDate "2019.06.25"]
[EventType "swiss"]
[EventRounds "9"]
[EventCountry "SRB"]
[SourceTitle "EXT 2020"]
[Source "ChessBase"]
[SourceDate "2019.10.17"]
[SourceVersion "1"]
[SourceVersionDate "2019.10.17"]
[SourceQuality "1"]

1. e4 Nf6 2. e5 Ng8 3. d4 d6 4. Nf3 dxe5 5. Nxe5 Nd7 6. Qf3 Nxe5 7. dxe5 c6 8. Bc4 Qa5+ 9. Qc3 Qxc3+ 10. Nxc3 Bf5 11. Bb3 e6 12. Be3 Bb4 13. 0-0-0 Bxc3 14. bxc3 Ne7 15. Rd6 Nd5 16. Kd2 Ke7 17. Bc5 b6 18. Rxd5+ bxc5 19. Rxc5 Rhc8 20. Ke3 Rab8 21. Ba4 Rb6 22. Rd1 f6 23. f4 fxe5 24. fxe5 Bg4 25. Rd6 Ra6 26. Rcxc6 Raxc6 27. Rxc6 Rxc6 28. Bxc6 Bd1 29. Be4 h6 30. Bg6 Kd7 31. h3 Kc6 32. Kd2 1-0

[Event "SRB-chT3 South"]
[Site "Serbia"]
[Date "2017.10.15"]
[Round "11.4"]
[White "Perunovic, Ljubivoje"]
[Black "Spasic, Petar"]
[Result "0-1"]
[WhiteElo "1841"]
[BlackElo "1964"]
[PlyCount "119"]
[EventDate "2017.09.03"]
[EventType "team-tourn"]
[EventRounds "11"]
[EventCountry "SRB"]
[SourceTitle "EXT 2022"]
[Source "ChessBase"]
[SourceDate "2021.10.06"]
[SourceVersion "1"]
[SourceVersionDate "2021.10.06"]
[SourceQuality "1"]

1. d4 Nf6 2. Nf3 e6 3. e3 d5 4. Bd3 c5 5. c3 Nc6 6. Nbd2 Bd6 7. 0-0 0-0 8. dxc5 Bxc5 9. e4 e5 10. h3 h6 11. Qe2 Re8 12. exd5 Nxd5 13. Nb3 Bb6 14. Qc2 Qf6 15. Be4 Be6 16. c4 Nf4 17. Be3 Rac8 18. c5 Bc7 19. Bxf4 Qxf4 20. g3 Qf6 21. Kg2 g6 22. Nbd2 Qg7 23. Nc4 f5 24. Bxc6 bxc6 25. Rad1 Red8 26. Nd6 Bxd6 27. Rxd6 Rxd6 28. cxd6 e4 29. Nd2 Qd4 30. Rd1 Bd5 31. Nf1 Qe5 32. Ne3 Rd8 33. Qc5 Qxd6 34. Qxa7 f4 35. gxf4 Qxf4 36. Qe7 Qf3+ 37. Kg1 Rf8 38. Qh4 Qe2 39. Rc1 Qxb2 40. Rc2 Qg7 41. Qg3 Qf6 42. Rd2 Qe6 43. Qg4 Qxg4+ 44. hxg4 Kf7 45. Kg2 Ke6 46. Kg3 Ra8 47. Rd1 Bxa2 48. Rh1 Rh8 49. f3 exf3 50. Kxf3 Bd5+ 51. Nxd5 cxd5 52. Ke3 Ke5 53. Rd1 h5 54. gxh5 gxh5 55. Rg1 h4 56. Rg5+ Ke6 57. Kd4 h3 58. Re5+ Kf6 59. Re1 h2 60. Rh1 0-1

[Event "SRB-chT3 South"]
[Site "Serbia"]
[Date "2017.10.14"]
[Round "10.5"]
[White "Savic, Aleksandar S"]
[Black "Perunovic, Ljubivoje"]
[Result "0-1"]
[WhiteElo "1872"]
[BlackElo "1841"]
[PlyCount "51"]
[EventDate "2017.09.03"]
[EventType "team-tourn"]
[EventRounds "11"]
[EventCountry "SRB"]
[SourceTitle "EXT 2022"]
[Source "ChessBase"]
[SourceDate "2021.10.06"]
[SourceVersion "1"]
[SourceVersionDate "2021.10.06"]
[SourceQuality "1"]

1. e4 g6 2. d4 Bg7 3. Nf3 c5 4. Bc4 cxd4 5. c3 dxc3 6. Nxc3 Nc6 7. 0-0 d6 8. Re1 Nf6 9. e5 dxe5 10. Qxd8+ Nxd8 11. Nxe5 0-0 12. Bg5 Be6 13. Bxf6 Bxf6 14. Nd5 Kg7 15. Nxf6 exf6 16. Bxe6 fxe6 17. Nd7 Rf7 18. Nc5 e5 19. Rac1 b6 20. Ne4 Ne6 21. Rc6 Nd4 22. Rd6 Nf5 23. Rc6 Rb8 24. Kf1 Nd4 25. Rd1 Rd7 26. Rdc1 0-1

[Event "SRB-chT3 South"]
[Site "Serbia"]
[Date "2017.10.12"]
[Round "6.3"]
[White "Aritonovic, Nenad"]
[Black "Perunovic, Ljubivoje"]
[Result "0-1"]
[WhiteElo "1651"]
[BlackElo "1841"]
[PlyCount "99"]
[EventDate "2017.09.03"]
[EventType "team-tourn"]
[EventRounds "11"]
[EventCountry "SRB"]
[SourceTitle "EXT 2022"]
[Source "ChessBase"]
[SourceDate "2021.10.06"]
[SourceVersion "1"]
[SourceVersionDate "2021.10.06"]
[SourceQuality "1"]

1. f4 g6 2. Nf3 Bg7 3. e3 Nf6 4. a3 0-0 5. Bc4 d5 6. Bd3 c5 7. c3 Nc6 8. b3 Qc7 9. Bb2 e5 10. fxe5 Ng4 11. a4 Ngxe5 12. Be2 Bf5 13. Na3 a6 14. Nc2 Nd3+ 15. Bxd3 Bxd3 16. Kf2 c4 17. b4 Ne5 18. Nce1 Be4 19. Nxe5 Qxe5 20. Nf3 Qh5 21. b5 f5 22. Ba3 f4 23. Bxf8 fxe3+ 24. dxe3 Rxf8 25. Rg1 Qxh2 26. Rh1 Qe5 27. Rc1 Qf6 28. Kg1 g5 29. Qe1 Bxf3 30. gxf3 Qxf3 31. Rh2 Re8 32. Qf2 Rxe3 33. Qxf3 Rxf3 34. Rd2 d4 35. cxd4 c3 36. Rdd1 Rf4 37. d5 Kf7 38. d6 Bd4+ 39. Kg2 Ke6 40. d7 Kxd7 41. Rxc3 Kd6 42. bxa6 bxa6 43. Rc8 Ke5 44. Re8+ Kd5 45. Ra8 Ke4 46. Rxa6 Kf5 47. Ra8 Kg4 48. Rd2 h5 49. Rd8 Bb6 50. R8d6 0-1

[Event "Nis Pantelej op 3rd"]
[Site "Nis"]
[Date "2015.08.06"]
[Round "4"]
[White "Jankovic, Uros"]
[Black "Perunovic, Ljubivoje"]
[Result "1-0"]
[WhiteElo "1792"]
[BlackElo "1863"]
[PlyCount "83"]
[EventDate "2015.08.04"]
[EventType "swiss"]
[EventRounds "9"]
[EventCountry "SRB"]
[SourceTitle "EXT 2016"]
[Source "ChessBase"]
[SourceDate "2015.10.08"]
[SourceVersion "1"]
[SourceVersionDate "2015.10.08"]
[SourceQuality "1"]

1. d4 g6 2. c4 Bg7 3. Nf3 Nf6 4. Nc3 c5 5. Bg5 cxd4 6. Nxd4 Nc6 7. e3 Qa5 8. Bxf6 Bxf6 9. Qd2 0-0 10. Be2 d6 11. 0-0 Bd7 12. a3 Rac8 13. b4 Qg5 14. f4 Qh4 15. Nd5 Nxd4 16. exd4 Kg7 17. Rae1 Rfe8 18. g3 Qh3 19. Nxf6 exf6 20. b5 h5 21. Bd3 h4 22. Qg2 hxg3 23. hxg3 b6 24. Kf2 Qh5 25. Rh1 Rxe1 26. Rxh5 Rd1 27. Be2 Rd2 28. Ke1 Ra2 29. Rh2 Re8 30. Qf3 Bf5 31. g4 Be4 32. Qh3 Kf8 33. g5 Ke7 34. gxf6+ Kd8 35. Qc3 Bf5 36. Kf1 Re4 37. c5 Rxf4+ 38. Kg1 Rc2 39. Qe3 Re4 40. Qg3 Rexe2 41. Qxd6+ Kc8 42. Rh8+ 1-0

[Event "Nis Pantelej op 3rd"]
[Site "Nis"]
[Date "2015.08.05"]
[Round "3"]
[White "Perunovic, Ljubivoje"]
[Black "Ostojic, Milos R"]
[Result "1/2-1/2"]
[WhiteElo "1863"]
[BlackElo "2030"]
[PlyCount "97"]
[EventDate "2015.08.04"]
[EventType "swiss"]
[EventRounds "9"]
[EventCountry "SRB"]
[SourceTitle "EXT 2016"]
[Source "ChessBase"]
[SourceDate "2015.10.08"]
[SourceVersion "1"]
[SourceVersionDate "2015.10.08"]
[SourceQuality "1"]

1. d4 Nf6 2. Nf3 c5 3. e3 e6 4. Bd3 Nc6 5. c3 d5 6. Nbd2 Qc7 7. 0-0 Bd7 8. Qe2 Bd6 9. dxc5 Bxc5 10. e4 0-0 11. e5 Ng4 12. Nb3 Be7 13. Re1 f6 14. exf6 Bxf6 15. h3 Nge5 16. Nxe5 Bxe5 17. Qh5 g6 18. Qh4 Bh2+ 19. Kh1 Bd6 20. Nd4 Be7 21. Qg3 Qxg3 22. fxg3 Nxd4 23. cxd4 Rf2 24. Kg1 Raf8 25. Bh6 R8f7 26. Re2 Rxe2 27. Bxe2 Bd6 28. g4 Bg3 29. Rf1 e5 30. dxe5 Bxe5 31. Rxf7 Kxf7 32. b3 Ke6 33. Kf2 a6 34. Ke3 Bc6 35. Bf3 Bb5 36. Be2 d4+ 37. Kd2 Bxe2 38. Kxe2 Kd5 39. Kd3 b5 40. Bd2 Bc7 41. Be1 a5 42. Bf2 Be5 43. a4 bxa4 44. bxa4 Bf6 45. Be1 Bd8 46. Bf2 Bb6 47. Be1 Kc5 48. Bd2 Bc7 49. Be1 1/2-1/2

[Event "SRB-chT Central"]
[Site "Kraljevo"]
[Date "2014.09.21"]
[Round "11.2"]
[White "Mickovic, Slavisa"]
[Black "Perunovic, Ljubivoje"]
[Result "1-0"]
[WhiteElo "2104"]
[BlackElo "1915"]
[PlyCount "51"]
[EventDate "2014.09.13"]
[EventType "team-tourn"]
[EventRounds "11"]
[EventCountry "SRB"]
[SourceTitle "CBM 162 Extra"]
[Source "ChessBase"]
[SourceDate "2014.10.17"]
[SourceVersion "1"]
[SourceVersionDate "2014.10.17"]
[SourceQuality "1"]
[WhiteTeam "Veliko Gradiste"]
[BlackTeam "Nis"]
[WhiteTeamCountry "SRB"]
[BlackTeamCountry "SRB"]

1. d4 g6 2. e4 c6 3. c4 d5 4. cxd5 cxd5 5. e5 Bg7 6. Nc3 Nc6 7. Be3 Nh6 8. Qb3 e6 9. Nf3 0-0 10. Bd3 Nf5 11. Bxf5 gxf5 12. 0-0 b6 13. Rfe1 Na5 14. Qc2 Ba6 15. Bg5 Qd7 16. b3 Kh8 17. Qd2 Rg8 18. Qf4 Nc6 19. Qh4 f4 20. Qxf4 Bd3 21. Re3 Bg6 22. Bf6 Ne7 23. Ng5 Nf5 24. Rh3 Bxf6 25. exf6 Qd6 26. Rxh7+ 1-0

[Event "SRB-chT Central"]
[Site "Kraljevo"]
[Date "2014.09.20"]
[Round "10.6"]
[White "Komnenic, Branko"]
[Black "Perunovic, Ljubivoje"]
[Result "1-0"]
[WhiteElo "2255"]
[BlackElo "1915"]
[PlyCount "127"]
[EventDate "2014.09.13"]
[EventType "team-tourn"]
[EventRounds "11"]
[EventCountry "SRB"]
[SourceTitle "CBM 162 Extra"]
[Source "ChessBase"]
[SourceDate "2014.10.17"]
[SourceVersion "1"]
[SourceVersionDate "2014.10.17"]
[SourceQuality "1"]
[WhiteTeam "Valjevo Sveti Nikolaj"]
[BlackTeam "Nis"]
[WhiteTeamCountry "SRB"]
[BlackTeamCountry "SRB"]

1. d4 g6 2. c4 Bg7 3. Nc3 d6 4. Nf3 Bg4 5. g3 Nf6 6. Bg2 0-0 7. h3 Bd7 8. 0-0 Nc6 9. d5 Na5 10. Nd2 c5 11. Qc2 a6 12. b3 b5 13. Bb2 Rb8 14. Rab1 Qc7 15. Rfc1 bxc4 16. bxc4 Rb4 17. Ba3 Rxb1 18. Rxb1 Rb8 19. Bf1 Rxb1 20. Ncxb1 Qc8 21. Kh2 Qb8 22. Nc3 Ne8 23. e3 Qb6 24. Nb3 Nxb3 25. axb3 Qa5 26. Bb2 f5 27. Bd3 Qb4 28. Na2 Qa5 29. Bc1 Bf6 30. Bd2 Qa3 31. Nc3 Qa1 32. Na2 Kf7 33. Qb1 Qxb1 34. Bxb1 e6 35. e4 e5 36. Ba5 Bg5 37. Be1 Bd8 38. b4 cxb4 39. Bxb4 fxe4 40. Bxe4 Bb6 41. f3 Ba4 42. Nc3 Bb3 43. Bd3 a5 44. Ba3 Ke7 45. Ne4 Bc7 46. Kg2 Nf6 47. Nd2 Ba4 48. Kf2 Bb6+ 49. Ke2 Bd4 50. Ne4 Nxe4 51. Bxe4 Bb6 52. h4 Bb3 53. Bd3 Bd4 54. Ke1 Be3 55. g4 Bb6 56. h5 a4 57. h6 Bc5 58. Bxc5 dxc5 59. Kd2 a3 60. Kc3 Bd1 61. Bxg6 Kf6 62. Bxh7 Kg5 63. d6 Ba4 64. Bf5 1-0

[Event "SRB-chT Central"]
[Site "Kraljevo"]
[Date "2014.09.19"]
[Round "9.1"]
[White "Pejcic, Milutin"]
[Black "Perunovic, Ljubivoje"]
[Result "1-0"]
[WhiteElo "2135"]
[BlackElo "1915"]
[PlyCount "57"]
[EventDate "2014.09.13"]
[EventType "team-tourn"]
[EventRounds "11"]
[EventCountry "SRB"]
[SourceTitle "CBM 162 Extra"]
[Source "ChessBase"]
[SourceDate "2014.10.17"]
[SourceVersion "1"]
[SourceVersionDate "2014.10.17"]
[SourceQuality "1"]
[WhiteTeam "Pirot"]
[BlackTeam "Nis"]
[WhiteTeamCountry "SRB"]
[BlackTeamCountry "SRB"]

1. Nf3 d5 2. c4 d4 3. g3 Nc6 4. Bg2 e5 5. d3 Nf6 6. 0-0 Be7 7. a3 a5 8. e3 0-0 9. exd4 exd4 10. Re1 h6 11. b3 Bf5 12. Ne5 Nxe5 13. Rxe5 Bc8 14. Nd2 c6 15. Nf3 Bd6 16. Re1 c5 17. Ra2 Qc7 18. Rae2 Bg4 19. h3 Bh5 20. g4 Bg6 21. Ne5 Bxe5 22. Rxe5 Nd7 23. Re7 f6 24. Bd5+ Kh7 25. h4 Rad8 26. h5 Be8 27. Qf3 Qb8 28. Qf5+ Kh8 29. Be4 1-0

[Event "Nis Pantelej op 2nd"]
[Site "Nis"]
[Date "2014.08.03"]
[Round "2"]
[White "Perunovic, Ljubivoje"]
[Black "Vasic, Blagoje"]
[Result "0-1"]
[WhiteElo "1932"]
[BlackElo "1968"]
[PlyCount "92"]
[EventDate "2014.08.03"]
[EventType "swiss"]
[EventRounds "9"]
[EventCountry "SRB"]
[SourceTitle "CBM 162 Extra"]
[Source "ChessBase"]
[SourceDate "2014.10.17"]
[SourceVersion "1"]
[SourceVersionDate "2014.10.17"]
[SourceQuality "1"]

1. d4 d5 2. Nf3 Nf6 3. Bf4 e6 4. e3 Be7 5. Bd3 0-0 6. 0-0 Nbd7 7. h3 b6 8. c4 Bb7 9. cxd5 Nxd5 10. Bh2 c5 11. Nc3 N7f6 12. Qe2 Nb4 13. Bc4 a6 14. a3 Nbd5 15. Nxd5 Nxd5 16. dxc5 Bxc5 17. e4 Nf6 18. Rfd1 Qe8 19. b4 Be7 20. e5 Nd5 21. Rac1 Qa4 22. Rd3 Rfd8 23. Bb3 Qxa3 24. Rcd1 Qxb4 25. Bc2 Rdc8 26. Rd4 Qc5 27. R1d2 g6 28. h4 Nb4 29. Be4 Bxe4 30. Qxe4 Rd8 31. Bf4 Nd5 32. Bg5 Kg7 33. h5 Bxg5 34. Nxg5 Qe7 35. Qh4 h6 36. Nxe6+ Qxe6 37. hxg6 fxg6 38. Qe4 Qf5 39. Qxf5 gxf5 40. f4 a5 41. Rxd5 Rxd5 42. Rxd5 a4 43. Rd7+ Kf8 44. Kf2 a3 45. Rd1 b5 46. Ke3 b4 0-1

[Event "Nis Svetosavski op 4th"]
[Site "Nis"]
[Date "2014.02.23"]
[Round "4"]
[White "Perunovic, Ljubivoje"]
[Black "Djuric, Goran"]
[Result "0-1"]
[WhiteElo "1975"]
[BlackElo "1698"]
[PlyCount "120"]
[EventDate "2014.02.21"]
[EventType "swiss"]
[EventRounds "5"]
[EventCountry "SRB"]
[SourceTitle "CBM 159 Extra"]
[Source "ChessBase"]
[SourceDate "2014.04.24"]
[SourceVersion "1"]
[SourceVersionDate "2014.04.24"]
[SourceQuality "1"]

1. d4 d5 2. Nf3 g6 3. c3 Bg7 4. Bg5 Nf6 5. Nbd2 0-0 6. e3 a6 7. a4 Bg4 8. h3 Bf5 9. g4 Be4 10. Rg1 c6 11. Ne5 Ne8 12. Bf4 f6 13. Nxe4 fxe5 14. dxe5 Nc7 15. Ng5 e6 16. Nf3 Nd7 17. Bd3 Nc5 18. Bc2 b5 19. axb5 axb5 20. b4 Rxa1 21. Qxa1 N5a6 22. h4 Qe7 23. h5 Qe8 24. hxg6 hxg6 25. Qb1 d4 26. Bxg6 Qd7 27. Bh7+ Kh8 28. Rh1 Rd8 29. Ng5 dxc3 30. Nf7+ Qxf7 31. Bg6+ Kg8 32. Bxf7+ Kxf7 33. Bg5 Rg8 34. Rh7 Nd5 35. e4 Ndxb4 36. Qd1 Nc5 37. Qf3+ Ke8 38. Qe3 Nc2+ 39. Ke2 Nxe3 40. Bxe3 Nxe4 41. Kd3 Nd2 42. Kxc3 Nf3 43. Kb4 Bf8+ 44. Ka5 Nxe5 45. Bf4 Bd6 46. Bxe5 Bxe5 47. f3 Rg7 48. Rh5 Bd6 49. Rh1 Bc5 50. Rh8+ Kf7 51. Rc8 b4 52. Ka4 Be7 53. Rxc6 Rg5 54. Rc4 Rd5 55. Re4 Rd3 56. f4 Rg3 57. f5 exf5 58. gxf5 Ra3+ 59. Kb5 b3 60. Re1 b2 0-1

[Event "Nis op"]
[Site "Nis"]
[Date "2013.03.28"]
[Round "9"]
[White "Nikolic, Mila"]
[Black "Perunovic, Ljubivoje"]
[Result "1/2-1/2"]
[WhiteElo "1917"]
[BlackElo "1962"]
[PlyCount "121"]
[EventDate "2013.03.21"]
[EventType "swiss"]
[EventRounds "9"]
[EventCountry "SRB"]
[SourceTitle "CBM 153 Extra"]
[Source "ChessBase"]
[SourceDate "2013.04.22"]
[SourceVersion "1"]
[SourceVersionDate "2013.04.22"]
[SourceQuality "1"]

1. e4 g6 2. d4 Bg7 3. Bc4 d6 4. Nf3 c6 5. Nc3 Nd7 6. Ng5 e6 7. 0-0 h6 8. Nf3 e5 9. dxe5 dxe5 10. Be3 Ngf6 11. h3 0-0 12. Qd2 Kh7 13. Rad1 Qe7 14. Qd6 Qxd6 15. Rxd6 b5 16. Bb3 b4 17. Na4 Nxe4 18. Rxc6 f5 19. Rc7 Nef6 20. Rxa7 Rxa7 21. Bxa7 Bb7 22. Rd1 Bxf3 23. gxf3 Ra8 24. Be3 f4 25. Nb6 Nxb6 26. Bxb6 Rb8 27. Bc5 Rb5 28. Be7 g5 29. c4 bxc3 30. bxc3 Kg6 31. c4 Rb7 32. Bd8 Bf8 33. Rd3 e4 34. fxe4 Nxe4 35. Rd5 Nc5 36. Bc2+ Kf7 37. Rf5+ Ke8 38. Bf6 Ra7 39. Bd4 Rxa2 40. Bxc5 Bxc5 41. Rxc5 Rxc2 42. Rc6 Kd7 43. Rxh6 Rxc4 44. Kg2 Ke7 45. Kf3 Kf7 46. h4 gxh4 47. Rxh4 Kg6 48. Rxf4 Rc6 49. Kg4 Rb6 50. Rf8 Kg7 51. Rf5 Kg6 52. f4 Ra6 53. Rg5+ Kh6 54. Rh5+ Kg7 55. Re5 Kf6 56. Rh5 Kg7 57. Rd5 Kf6 58. Rf5+ Kg6 59. Rd5 Kh6 60. Rh5+ Kg7 61. Rg5+ 1/2-1/2

[Event "Nis op"]
[Site "Nis"]
[Date "2013.03.25"]
[Round "6"]
[White "Perunovic, Ljubivoje"]
[Black "Djordjevic, Vuk D"]
[Result "0-1"]
[WhiteElo "1962"]
[BlackElo "2140"]
[PlyCount "80"]
[EventDate "2013.03.21"]
[EventType "swiss"]
[EventRounds "9"]
[EventCountry "SRB"]
[SourceTitle "CBM 153 Extra"]
[Source "ChessBase"]
[SourceDate "2013.04.22"]
[SourceVersion "1"]
[SourceVersionDate "2013.04.22"]
[SourceQuality "1"]

1. d4 Nf6 2. Nf3 d5 3. e3 Bf5 4. c4 e6 5. Nc3 c6 6. Qb3 Qc7 7. Nh4 Bg6 8. g3 Nbd7 9. f4 Be4 10. Nxe4 Nxe4 11. Bd3 f5 12. Nf3 Be7 13. Bd2 Ndf6 14. Rc1 0-0 15. Ne5 Rac8 16. cxd5 exd5 17. Bxe4 Nxe4 18. Bb4 Rfe8 19. Bxe7 Qxe7 20. Rc2 Qc7 21. 0-0 Qb6 22. Qxb6 axb6 23. a4 Ra8 24. b3 Nd6 25. Kf2 Ra6 26. Kf3 Rea8 27. h3 b5 28. axb5 Nxb5 29. g4 Ra3 30. Rb1 Nd6 31. Rg2 Ra2 32. Rbb2 Ra1 33. gxf5 Nxf5 34. Rg5 g6 35. Nd3 Rf1+ 36. Ke2 Raa1 37. b4 Rh1 38. Nf2 Rhe1+ 39. Kf3 Rxe3+ 40. Kg2 Nh4+ 0-1

[Event "Nis op"]
[Site "Nis"]
[Date "2013.03.24"]
[Round "5"]
[White "Djokovic, Nenad"]
[Black "Perunovic, Ljubivoje"]
[Result "0-1"]
[WhiteElo "1917"]
[BlackElo "1962"]
[PlyCount "94"]
[EventDate "2013.03.21"]
[EventType "swiss"]
[EventRounds "9"]
[EventCountry "SRB"]
[SourceTitle "CBM 153 Extra"]
[Source "ChessBase"]
[SourceDate "2013.04.22"]
[SourceVersion "1"]
[SourceVersionDate "2013.04.22"]
[SourceQuality "1"]

1. d4 g6 2. e4 c6 3. Nf3 Bg7 4. Nc3 d5 5. exd5 cxd5 6. Bb5+ Nc6 7. Bxc6+ bxc6 8. h3 Nf6 9. 0-0 0-0 10. Re1 Re8 11. Bg5 h6 12. Bf4 Bf5 13. g4 Nxg4 14. hxg4 Bxg4 15. Qd3 Qb6 16. Ne5 Bf5 17. Qd2 f6 18. Nd3 Qxd4 19. Ne2 Qe4 20. Ng3 Qf3 21. Qd1 Qxd1 22. Raxd1 Bg4 23. Rb1 e5 24. Bd2 f5 25. f4 exf4 26. Bxf4 Bf3 27. Be5 Be4 28. Bxg7 Kxg7 29. Nxe4 dxe4 30. Nc5 Re5 31. b4 Rd5 32. Rbd1 Kf6 33. c4 Rxd1 34. Rxd1 Ke5 35. a4 e3 36. Rd3 f4 37. Kg2 g5 38. Nd7+ Ke4 39. Nc5+ Kf5 40. b5 cxb5 41. axb5 Re8 42. Rd5+ Kg4 43. Nd3 f3+ 44. Kg1 Kg3 45. Re5 f2+ 46. Kf1 Rxe5 47. Nxe5 e2+ 0-1

[Event "Nis op"]
[Site "Nis"]
[Date "2012.03.17"]
[Round "7"]
[White "Perunovic, Ljubivoje"]
[Black "Rolj, Petar"]
[Result "0-1"]
[WhiteElo "2011"]
[BlackElo "1998"]
[PlyCount "72"]
[EventDate "2012.03.11"]
[EventType "swiss"]
[EventRounds "9"]
[EventCountry "SRB"]
[SourceTitle "CBM 147 Extra"]
[Source "ChessBase"]
[SourceDate "2012.04.24"]
[SourceVersion "1"]
[SourceVersionDate "2012.04.24"]
[SourceQuality "1"]

1. d4 d5 2. Bf4 e6 3. e3 Bd6 4. Bg3 Ne7 5. Nf3 Ng6 6. Bd3 f5 7. Ne5 Bxe5 8. dxe5 c5 9. c3 Nc6 10. f4 c4 11. Be2 0-0 12. Nd2 Qb6 13. b3 Qxe3 14. Rf1 Qxc3 15. bxc4 d4 16. Rf3 Qb4 17. Rb3 Qc5 18. Nf3 Rd8 19. Qd2 b6 20. Bf2 Qa5 21. g3 Ba6 22. Rc1 Rd7 23. Bd3 Qc5 24. Qb2 Rad8 25. Ke2 Na5 26. Rb4 Bb7 27. Rb5 Bxf3+ 28. Kxf3 Qc6+ 29. Ke2 Nb7 30. Qc2 Nc5 31. a4 Ne7 32. a5 Nc8 33. Ra1 Qg2 34. h4 Ne4 35. Ke1 Nxg3 36. Bxg3 Qxg3+ 0-1

[Event "Nis op"]
[Site "Nis"]
[Date "2012.03.14"]
[Round "4"]
[White "Miljkovic, Mihajlo"]
[Black "Perunovic, Ljubivoje"]
[Result "1-0"]
[WhiteElo "2274"]
[BlackElo "2011"]
[PlyCount "119"]
[EventDate "2012.03.11"]
[EventType "swiss"]
[EventRounds "9"]
[EventCountry "SRB"]
[SourceTitle "CBM 147 Extra"]
[Source "ChessBase"]
[SourceDate "2012.04.24"]
[SourceVersion "1"]
[SourceVersionDate "2012.04.24"]
[SourceQuality "1"]

1. c4 e6 2. d4 f5 3. g3 Nf6 4. Bg2 d5 5. Nh3 Bd6 6. Nd2 c6 7. Qc2 0-0 8. Nf3 Bb4+ 9. Bd2 Bxd2+ 10. Nxd2 Ne4 11. 0-0 Nxd2 12. Qxd2 Nd7 13. Nf4 Nf6 14. Qc2 Qd6 15. c5 Qe7 16. Nd3 Nd7 17. f4 Nf6 18. b4 Bd7 19. a4 a6 20. Rfb1 Ne4 21. Ne5 Rfc8 22. e3 Be8 23. Qb2 h6 24. Ra2 Kh7 25. Rba1 Qd8 26. Ra3 b6 27. Bxe4 fxe4 28. Rb3 b5 29. Rba3 Rab8 30. R3a2 Rb7 31. axb5 axb5 32. Ra6 Bd7 33. Kf2 Qe8 34. Qe2 Rbc7 35. Ke1 Rb8 36. Kd2 Rbc8 37. Kc3 Rb8 38. g4 g6 39. h4 Bc8 40. R6a2 Qe7 41. Qf2 Bd7 42. Rg1 Rf8 43. Qh2 Be8 44. Rga1 Qg7 45. Kb3 Qe7 46. Ra8 Bf7 47. R8a6 Be8 48. R1a2 Kg7 49. Qg3 Qd8 50. Ra8 Qe7 51. R8a5 Bf7 52. Rf2 Be8 53. Ra1 Ra7 54. Rxa7 Qxa7 55. Ra2 Qb7 56. Qg1 Bf7 57. g5 h5 58. Qa1 Kg8 59. Ra7 Qc8 60. Nxf7 1-0

[Event "Nis op"]
[Site "Nis"]
[Date "2012.03.12"]
[Round "2"]
[White "Mladenovic, Stefan"]
[Black "Perunovic, Ljubivoje"]
[Result "1-0"]
[WhiteElo "2191"]
[BlackElo "2011"]
[PlyCount "79"]
[EventDate "2012.03.11"]
[EventType "swiss"]
[EventRounds "9"]
[EventCountry "SRB"]
[SourceTitle "CBM 147 Extra"]
[Source "ChessBase"]
[SourceDate "2012.04.24"]
[SourceVersion "1"]
[SourceVersionDate "2012.04.24"]
[SourceQuality "1"]

1. d4 c5 2. d5 e5 3. e4 d6 4. Nc3 g6 5. Nf3 Bg7 6. Nd2 Nd7 7. Nc4 Nb6 8. Nxb6 Qxb6 9. Bb5+ Kf8 10. a4 a6 11. a5 Qc7 12. Bc4 Nf6 13. 0-0 b5 14. axb6 Qxb6 15. h3 h5 16. f4 exf4 17. Bxf4 Nd7 18. Qf3 Kg8 19. e5 Bxe5 20. Bxe5 Nxe5 21. Qf6 Bf5 22. b3 Qd8 23. Qxd8+ Rxd8 24. Rxa6 Bxc2 25. Nb5 Kg7 26. Nxd6 Rd7 27. Re1 Nd3 28. Re2 Nb4 29. Rb6 Rhd8 30. Nb7 Rc8 31. Nxc5 Rxc5 32. Rxb4 Bf5 33. h4 Ra7 34. Rd2 Rd7 35. Rb6 Be4 36. d6 Bc6 37. Rd4 Ba8 38. Rb8 Bc6 39. Rc8 Rb7 40. d7 1-0